As sanė̳s no direito tributr̀io

Detalles Bibliográficos
Autor principal: Lopes Paulino Padilha, Maria ℗ngela
Formato: eBook
Lenguaje:portugués
Publicado: San Pablo: Editora Noeses, 2015
Materias:
Acceso en línea:Acceso restringido

MARC

LEADER 00000nam a22000007a 4500
005 20210909124723.0
007 cr|||| ||||
008 210909s2015 br |||||s|||| 00||0 por d
020 |a 978-85-8310-039-3 
035 |a 35058 
040 |a vLex 
090 |c 12367  |d 12367 
100 1 |a Lopes Paulino Padilha, Maria ℗ngela 
245 1 2 |a As sanė̳s no direito tributr̀io  |h [Recurso electrn̤ico] /  |c Maria ℗ngela Lopes Paulino Padilha 
256 |a Servicio en ln̕ea 
260 |a San Pablo:  |b Editora Noeses,  |c 2015 
300 |a 1 recurso electrn̤ico 
500 |a Trata-se de obra inovadora, considerando que o tema “sanė̳s tributr̀ias” ̌pouco explorado na doutrina tributr̀ia, ao mesmo tempo em que ̌contraditr̤io na jurisprudn̊cia administrativa e judicial. Estabelece balizas seguras para qualquer estudioso ou profissional que se depare com o direito tributr̀io sancionatr̤io 
506 1 |a Disponible solo en los productos indicados  |d vLex Global  |d vLex Global (Academic Edition, excluding Law Schools)  |d vLex Global (U.S. Academic Edition, Law Schools)  |d vLex Global (U.S. Academic Edition, excluding Law Schools)  |d vLex Global (Academic Edition, Law Schools) 
650 0 4 |a Derecho Tributario  |z Brasil 
740 0 |a vLex Libros (Servicio en ln̕ea) 
856 4 0 |u https://app.vlex.com/#/sources/35058  |z Acceso restringido 
942 |c BOOK 
999 0 |a Tax Law